000 00684nam a2200205Ii 4500
003 JO-AjNU
008 230605s9999||||xx |||||||||||||| ||und||
040 _aJO-AjNU
_bara
_erda
_cJO-AjNU
041 _aara
050 1 4 _aBP144 2012
100 3 _aوحدة البحث العلمي بإدارة الإفتاء,
_eauthor
_943707
245 0 0 _aالمنتقى من المسائل العلمية
250 _aط1
264 3 1 _aالكويت: وزارة الاوقاف والشؤون الاسلامية، 2012
300 _a212ص
336 _atext
_btxt
_2rdacontent
337 _aunmediated
_bn
_2rdamedia
338 _avolume
_bnc
_2rdacarrier
650 4 _aفقه اسلامي
_943708
999 _aA18809
_c22377
_d22377